000 01588nam a22004337a 4500
003 CHAP
005 20220817044159.0
008 071015s2007 mx r 00010 spa d
010 _a94039
011 _a95011
035 _a105614
040 _cCHAP
090 _aTesis
100 1 _aOsuna Laparra, Oswaldo
_984293
245 1 0 _aPotencial turístico de naturaleza del ejido El Limón en la Sierra de Huautla Morelos
_c/por Oswaldo Osuna Laparra
260 _aChapingo, Méx. :
_bEl autor,
_c2007.
300 _a106 h. :
_bilus. ; gráfs. ; cuadros.
502 _aTesis (Ing. en Agroecología) - - UACH. Departamento de Agroecología
530 _aTambién disponible en línea
590 _aALEPH
_b10
_c20130110
_lUCH01
_h1519
590 _aBATCH-UPD
_b10
_c20130110
_lUCH01
_h0821
590 _aBATCH-UPD
_b10
_c20130410
_lUCH01
_h0458
590 _aBATCH-UPD
_b10
_c20130914
_lUCH01
_h1200
590 _aBATCH-UPD
_b10
_c20140324
_lUCH01
_h1504
590 _aBATCH-UPD
_b10
_c20141002
_lUCH01
_h0834
590 _aCONVERSION
_b10
_c20130109
_lUCH01
_h1352
650 1 4 _aDesarrollo sustentable.
650 1 4 _aEcoturismo.
_935298
650 1 4 _aEjidos
_xMorelos.
_936021
650 1 4 _aRecursos naturales
_xConservación.
650 1 4 _aRecursos naturales
_xMorelos.
_995300
650 1 4 _aTurismo.
_9115606
856 _3Finding aid
_uhttp://10.13.5.2/tesis/105614.pdf
_zTeclea aqui
901 _aBK
905 _aElisama A. H.
942 _cFOLL
949 _atesis
_bBC
_cTES
_d33724002038165
_eTS1
_h47026
_i105614
_sb
949 _atesis
_bBC
_cTES
_d33724002040496
_eTS2
_fc.2
_h47027
_i105614
_si
999 _c94039
_d94039